000 00329nam a2200133Ia 4500
008 150201s2009 xx 000 0 und d
082 _a610
_bA09K
100 _aKHANNA, MUDIT
245 _aALL INDIA POSTGRADUATE MET. EE VOL.2
260 _bIAMS
_aINDIA
_c2009
300 _a1-1012
650 _aGENERAL MEDICINE
942 _2ddc
_cBK
999 _c1838
_d1838